000 00233nam a22000857a 4500
008 221104b |||||||| |||| 00| 0 eng d
100 _aOswaal
_97599
245 _aCBSE QUESTION BANK (OSWAAL) SOCIAL SCIENCE-10
260 _aNew Delhi
_bOswaal
999 _c12134
_d12134